Leyes religiosas según los textos oficiales / (Record no. 90317)

MARC details
000 -LEADER
campo de control de longitud fija 00870nam a2200241 i 4500
001 - NÚMERO DE CONTROL
campo de control 90317
003 - IDENTIFICADOR DE NÚMERO DE CONTROL
campo de control ES-MaACL
005 - FECHA Y HORA DE LA ÚLTIMA TRANSACCIÓN
campo de control 20230906180418.0
007 - CAMPO FIJO DE DESCRIPCIÓN FÍSICA--INFORMACIÓN GENERAL
campo de control de longitud fija t|
008 - DATOS DE LONGITUD FIJA--INFORMACIÓN GENERAL
campo de control de longitud fija 050119s1935 sp ||||1| spa d
245 00 - MENCIÓN DEL TÍTULO
Título Leyes religiosas según los textos oficiales /
Mención de responsabilidad, etc. concordadas, anotadas y con índices completos por Miguel Carazony de la Rosa, Mariano Granados y Aguirre [y] Angel Segovia.
260 ## - PUBLICACIÓN, DISTRIBUCIÓN, ETC.
Lugar de publicación, distribución, etc. Madrid :
Nombre del editor, distribuidor, etc. [s.n.],
Fecha de publicación, distribución, etc. 1935 (
Fabricante Union Tipográfica)
300 ## - DESCRIPCIÓN FÍSICA
Extensión 464 p. ;
Dimensiones 17 cm.
490 1# - MENCIÓN DE SERIE
Mención de serie Legislación española
490 1# - MENCIÓN DE SERIE
Mención de serie Códigos y leyes españolas
700 1# - ENTRADA AGREGADA--NOMBRE PERSONAL
Nombre de persona Carazony de la Rosa, Miguel.
9 (RLIN) 34986
700 1# - ENTRADA AGREGADA--NOMBRE PERSONAL
Nombre de persona Granados y Aguirre, Mariano.
9 (RLIN) 59566
700 1# - ENTRADA AGREGADA--NOMBRE PERSONAL
Nombre de persona Segovia, Angel.
9 (RLIN) 105143
830 0# - PUNTO DE ACCESO ADICIONAL DE SERIE-TÍTULO UNIFORME
Título uniforme Legislación española
9 (RLIN) 184145
830 0# - PUNTO DE ACCESO ADICIONAL DE SERIE-TÍTULO UNIFORME
Título uniforme Códigos y leyes españolas
9 (RLIN) 184146
852 ## - LOCALIZACIÓN
Ubicación ES-MaACL
Número de control de estantería A-3740
Holdings
Estatus retirado Estado de pérdida Estado de daño No para préstamo Biblioteca de origen Biblioteca actual Ubicación en estantería Fecha de adquisición Fuente de adquisición Total de préstamos Signatura topográfica completa Código de barras Visto por última vez Precio de reemplazo Tipo de ítem Koha
        Biblioteca del Ateneo de Madrid Biblioteca del Ateneo de Madrid Sala Pecera Planta 1 17/01/2008     A-3740 1094312 23/02/2023 23/02/2023 Libro impreso